01787cam a22003618i 45000010009000000050017000090080041000260100017000670200018000840200018001020200018001200200018001380410008001560420008001640820014001721000021001862450054002072600038002612630009002992640054003083000022003623360026003843370028004103380027004385040051004655200637005166500051011536500017012046500039012216500015012607000019012757760131012942271438320250404155007.0220721s2023 enk b 001 0 eng  a 2022034526 a9781350269989 z9781350269996 z9781350270008 z9781350270015 aeng apcc00a322.3 PRO1 aProvost, Claire,10aSilent Coup: How Corporations Overthrew Democracy aLondonbBloomsbury Academicc2023 a2303 1aLondon ;aNew York :bBloomsbury Academic,c2023. a281;.pages: 24 cm atextbtxt2rdacontent aunmediatedbn2rdamedia avolumebnc2rdacarrier aIncludes bibliographical references and index. a"As European empires crumbled in the 20th century, the power structures that had dominated the world for centuries were up for renegotiation. Yet instead of a rebirth for democracy, what emerged was a silent coup - namely, the unstoppable rise of global corporate power. Exposing the origins of this epic power grab as well as its present-day consequences, Silent Coup is the result of two investigative journalist's reports from 30 countries around the world. It provides an explosive guide to the rise of a corporate empire that now dictates how resources are allocated, how territories are governed, and how justice is defined"-- 0aBusiness and politics; Big Business; Democracy 0aBig business 0aInternational business enterprises 0aDemocracy.1 aKennard, Matt,08iOnline version:aProvost, Claire.tSilent coupdLondon ; New York : Bloomsbury Academic, 2023z9781350269996w(DLC) 2022034527